[Event "Mittelfrankenliga 05/06 (B1)"]
[Site "Mfr.2005/06-R8"]
[Date "2006.04.02"]
[Round "8.4"]
[White "Kotissek, Philipp"]
[Black "Werner, Andreas[38]"]
[Result "1-0"]
[WhiteElo "2048"]
[BlackElo "1938"]
[Annotator "Schwanstetten1-SW Nbg.2"]
[PlyCount "99"]
[EventDate "2006.04.02"]
[SourceDate "2005.10.17"]

1. c4 c6 2. Nf3 d5 3. g3 Nf6 4. Bg2 e6 5. b3 Be7 6. Bb2 O-O 7. d3 Nbd7 8. Nbd2
Qc7 9. O-O Ng4 10. h3 Nge5 11. Nxe5 Nxe5 12. f4 Nd7 13. e4 Nc5 14. Qe2 dxe4 15.
dxe4 Rd8 16. Bc3 Nd3 17. a3 a5 18. e5 Nc5 19. Kh2 Rb8 20. b4 Na4 21. Qe3 Nxc3
22. Qxc3 Ra8 23. c5 Bd7 24. Nc4 a4 25. Nb6 Ra6 26. Rfd1 Be8 27. Bf1 Ra7 28. Bc4
h6 29. Qc2 Kh8 30. Rd2 Rxd2+ 31. Qxd2 Qd8 32. Qc2 Qd4 33. Rd1 Qe3 34. Rd3 Qe4
35. Nc8 b5 36. Nxa7 bxc4 37. Rc3 Qd5 38. Nc8 Qd8 39. Nxe7 Qxe7 40. Qxa4 g5 41.
Rxc4 Qd8 42. Qc2 Kg7 43. a4 f6 44. exf6+ Kxf6 45. Qc3+ Kg6 46. a5 Bf7 47. Rd4
Qf6 48. Qd3+ Kg7 49. Qe4 Bg6 50. Qe5 1-0

[Event "Mittelfrankenliga 05/06 (B1)"]
[Site "Mfr.2005/06-R8"]
[Date "2006.04.02"]
[Round "8.5"]
[White "Luther, Helmut"]
[Black "Arlt, Michael"]
[Result "1/2-1/2"]
[WhiteElo "1912"]
[BlackElo "1944"]
[Annotator "Schwanstetten1-SW Nbg.2"]
[PlyCount "117"]
[EventDate "2006.04.02"]
[SourceDate "2005.10.17"]

1. d4 d5 2. Nf3 Nf6 3. Bg5 Nbd7 4. e3 e6 5. Bd3 Be7 6. Nbd2 c5 7. c3 O-O 8. O-O
Qc7 9. Ne5 Nxe5 10. dxe5 Qxe5 11. Bf4 Qh5 12. Be2 Qg6 13. Nf3 Nd7 14. h4 f6 15.
Nh2 Qf7 16. c4 e5 17. Bg3 d4 18. exd4 exd4 19. b4 Ne5 20. bxc5 Nc6 21. Bf3 Bxc5
22. Re1 Qxc4 23. Rc1 Qb5 24. Qc2 Bb4 25. Rb1 Qa5 26. Red1 Bf5 27. Qb3+ Kh8 28.
Bxc6 Bxb1 29. Rxb1 bxc6 30. Qxb4 Qxb4 31. Rxb4 c5 32. Rc4 Rac8 33. Nf3 Rfd8 34.
Kf1 Rd5 35. Nd2 Rc6 36. Nb3 Ra6 37. Rxc5 Rxc5 38. Nxc5 Rxa2 39. Ke1 Kg8 40. Nb3
d3 41. Nc5 Rc2 42. Nxd3 Kf7 43. Bf4 Ke6 44. Kd1 Rc4 45. g3 a5 46. Bc1 Kf5 47.
Nb2 Rd4+ 48. Ke2 a4 49. Nxa4 Rxa4 50. Kf3 h5 51. Bd2 Ra3+ 52. Kg2 Rb3 53. Bf4
Rd3 54. Bc1 Rb3 55. Bf4 Kg4 56. Bd6 Rf3 57. Bf8 g6 58. Be7 f5 59. Bg5 1/2-1/2

[Event "Mittelfrankenliga 05/06 (B1)"]
[Site "Mfr.2005/06-R8"]
[Date "2006.04.02"]
[Round "8.6"]
[White "Cipra, Lothar"]
[Black "Siptitz, Friedrich,Dr."]
[Result "0-1"]
[WhiteElo "1908"]
[BlackElo "1949"]
[Annotator "Schwanstetten1-SW Nbg.2"]
[PlyCount "84"]
[EventDate "2006.04.02"]
[SourceDate "2005.10.17"]

1. d4 Nf6 2. c4 e6 3. g3 d5 4. Bg2 c6 5. Nf3 Be7 6. O-O O-O 7. Nc3 Nbd7 8. b3
Re8 9. Qc2 h6 10. Bb2 b6 11. Nd2 Bb7 12. e4 dxe4 13. Ncxe4 Qc7 14. Rad1 Rad8
15. Rfe1 Nxe4 16. Nxe4 Nf6 17. Nc3 Bd6 18. f4 a6 19. Ne4 Be7 20. Nd2 c5 21. Nf3
cxd4 22. Bxd4 Bc5 23. Kh1 Bxf3 24. Bxf3 Rxd4 25. Rxd4 Bxd4 26. h3 Qc5 27. Kh2
e5 28. fxe5 Bxe5 29. Rd1 Qc7 30. Qf2 Rd8 31. Qe1 Rxd1 32. Bxd1 Qd6 33. Bf3 h5
34. Kg2 Qd4 35. Qe2 g6 36. b4 Bd6 37. a3 a5 38. bxa5 bxa5 39. a4 Bc5 40. Qf1
Kg7 41. Bc6 Ne4 42. Bd5 Qb2+ 0-1

[Event "Mittelfrankenliga 05/06 (B1)"]
[Site "Mfr.2005/06-R8"]
[Date "2006.04.02"]
[Round "8.8"]
[White "Kotissek, Ulrich"]
[Black "Holl, Manfred"]
[Result "1-0"]
[WhiteElo "1884"]
[BlackElo "1939"]
[Annotator "Schwanstetten1-SW Nbg.2"]
[PlyCount "97"]
[EventDate "2006.04.02"]
[SourceDate "2005.10.17"]

1. d4 d6 2. Nf3 g6 3. g3 Bg7 4. Bg2 Nf6 5. O-O O-O 6. Nbd2 c5 7. c3 cxd4 8.
Nxd4 Qc7 9. N2f3 Nc6 10. Bg5 Ne4 11. Be3 Nf6 12. Qc1 Re8 13. Bh6 Bh8 14. Qg5
Ng4 15. e4 Nxh6 16. Qxh6 Bg7 17. Qe3 a6 18. Rac1 Na5 19. Nd2 Rb8 20. f4 b5 21.
b3 Qb6 22. e5 Bb7 23. c4 Nc6 24. c5 dxc5 25. Nxc6 Bxc6 26. Bxc6 Qxc6 27. Qxc5
Qb7 28. Qc6 Qa7+ 29. Qc5 Qd7 30. Qe3 h5 31. Ne4 a5 32. Rfd1 Qg4 33. Kg2 a4 34.
b4 Qe6 35. a3 Red8 36. Nc5 Qa2+ 37. Kg1 Rxd1+ 38. Rxd1 Bf8 39. Qd3 e6 40. Kf1
Bxc5 41. bxc5 Qc4 42. Qxc4 bxc4 43. Rc1 Kf8 44. Rxc4 Rc8 45. Ke2 Ke7 46. Kd3
Kd7 47. c6+ Kd8 48. c7+ Kd7 49. Kc3 1-0

[Event "Mittelfrankenliga 05/06 (B1)"]
[Site "Mfr.2005/06-R8"]
[Date "2006.04.02"]
[Round "8.1"]
[White "Basting, Steffen"]
[Black "Trefny, Vlastimil"]
[Result "0-1"]
[WhiteElo "1973"]
[BlackElo "2201"]
[Annotator "SG/TB Erlangen1-SF Fürth1"]
[PlyCount "94"]
[EventDate "2006.04.02"]
[SourceDate "2005.10.17"]

1. Nf3 d5 2. c4 c6 3. b3 Nf6 4. g3 Bg4 5. Bb2 Nbd7 6. Bg2 e6 7. O-O Bd6 8. d3
O-O 9. Qc2 e5 10. e4 dxe4 11. dxe4 Qe7 12. h3 Bxf3 13. Bxf3 Rfd8 14. a3 a5 15.
Nc3 Bc5 16. Ne2 Nf8 17. Bc3 Ne6 18. Bg2 Nd4 19. Bxd4 exd4 20. Nf4 Nd7 21. a4 h5
22. Nd3 h4 23. g4 Bb6 24. f4 Nc5 25. Nxc5 d3 26. Qd2 Bxc5+ 27. Kh1 Rd4 28. Rad1
Rad8 29. g5 Bb4 30. Qf2 d2 31. Qxh4 Rxe4 32. Bxe4 Qxe4+ 33. Kh2 Rd4 34. Qf2 Rd3
35. Qg2 Qe3 36. Rf2 Bd6 37. Qf1 Rd4 38. Qg2 Rxf4 39. Rxf4 Bxf4+ 40. Kh1 Bxg5
41. Qg4 g6 42. Kg2 Bh4 43. Qf3 Qe1 44. Qf1 Qg3+ 45. Kh1 Bg5 46. Qg2 Qxb3 47.
Qg4 f5 0-1

[Event "Mittelfrankenliga 05/06 (B1)"]
[Site "Mfr.2005/06-R8"]
[Date "2006.04.02"]
[Round "8.2"]
[White "Goetz, Andreas"]
[Black "Kociurzinski, Andre"]
[Result "1/2-1/2"]
[WhiteElo "2101"]
[BlackElo "1967"]
[Annotator "SG/TB Erlangen1-SF Fürth1"]
[PlyCount "69"]
[EventDate "2006.04.02"]
[SourceDate "2005.10.17"]

1. c4 g6 2. Nc3 Bg7 3. Nf3 Nf6 4. b3 d6 5. Bb2 e5 6. e3 O-O 7. Be2 c6 8. Rc1
Na6 9. O-O Re8 10. d3 Nc7 11. Nb1 Bg4 12. h3 Bxf3 13. Bxf3 a5 14. Nc3 Ne6 15.
Qd2 h5 16. Be2 Bh6 17. Qc2 Ng7 18. Rcd1 d5 19. cxd5 cxd5 20. d4 exd4 21. exd4
Rc8 22. Bb5 Re7 23. Rfe1 Rxe1+ 24. Rxe1 Ne4 25. Qd3 Bd2 26. Rxe4 Bxc3 27. Re2
Bxb2 28. Rxb2 Rc1+ 29. Kh2 Qg5 30. Qd2 Ne6 31. Be2 Qf4+ 32. Qxf4 Nxf4 33. Bf3
Rc3 34. Rd2 h4 35. Bd1 1/2-1/2

[Event "Mittelfrankenliga 05/06 (B1)"]
[Site "Mfr.2005/06-R8"]
[Date "2006.04.02"]
[Round "8.3"]
[White "Kirbach, Thomas"]
[Black "Liepold, Stefan"]
[Result "0-1"]
[WhiteElo "1936"]
[BlackElo "2187"]
[Annotator "SG/TB Erlangen1-SF Fürth1"]
[PlyCount "62"]
[EventDate "2006.04.02"]
[SourceDate "2005.10.17"]

1. d4 Nf6 2. c4 g6 3. Nc3 d5 4. cxd5 Nxd5 5. e4 Nxc3 6. bxc3 Bg7 7. Bc4 c5 8.
Be3 Nc6 9. Ne2 O-O 10. O-O e6 11. Rc1 cxd4 12. cxd4 Na5 13. Bd3 b6 14. f3 Bb7
15. Qa4 Qd6 16. Bf4 e5 17. Bg3 Rfc8 18. d5 Bc6 19. Qd1 Bd7 20. Ba6 Rxc1 21.
Qxc1 b5 22. Kh1 Qxa6 23. Qc7 b4 24. Re1 Bb5 25. Ng1 Nc4 26. Qe7 Qd6 27. Qb7 Qb8
28. Qe7 a5 29. Nh3 Qd8 30. Qc5 Qb6 31. Qe7 Bf6 0-1

[Event "Mittelfrankenliga 05/06 (B1)"]
[Site "Mfr.2005/06-R8"]
[Date "2006.04.02"]
[Round "8.4"]
[White "Martin Fernandez, Rodrigo"]
[Black "Schoeller, Wolfgang"]
[Result "1-0"]
[WhiteElo "2032"]
[BlackElo "2003"]
[Annotator "SG/TB Erlangen1-SF Fürth1"]
[PlyCount "70"]
[EventDate "2006.04.02"]
[SourceDate "2005.10.17"]

1. d4 d6 2. c4 e5 3. Nf3 Bg4 4. dxe5 Bxf3 5. exf3 dxe5 6. Bd3 Nd7 7. Qe2 Bb4+
8. Nd2 Ngf6 9. O-O O-O 10. Rd1 Qe7 11. Ne4 c6 12. a3 Ba5 13. b4 Bc7 14. Bg5 h6
15. Be3 Nxe4 16. fxe4 c5 17. Rab1 Bb6 18. Bd2 Rfd8 19. Bc3 Nf8 20. Qb2 f6 21.
Be2 Ne6 22. Bg4 Nf8 23. Rd5 Rxd5 24. cxd5 Rb8 25. Rd1 Qd6 26. Qe2 a6 27. g3 Ba7
28. Kg2 b5 29. f4 c4 30. fxe5 fxe5 31. Rf1 Bd4 32. Bd2 Rb7 33. Qf3 Nh7 34. Be6+
Kh8 35. Qh5 Rc7 1-0

[Event "Mittelfrankenliga 05/06 (B1)"]
[Site "Mfr.2005/06-R8"]
[Date "2006.04.02"]
[Round "8.5"]
[White "Koschka, Guenther"]
[Black "Petzold, Vinzenz"]
[Result "1/2-1/2"]
[WhiteElo "1938"]
[BlackElo "2068"]
[Annotator "SG/TB Erlangen1-SF Fürth1"]
[PlyCount "127"]
[EventDate "2006.04.02"]
[SourceDate "2005.10.17"]

1. e4 c5 2. Nf3 d6 3. d4 cxd4 4. Nxd4 Nf6 5. Bd3 g6 6. c3 Bg7 7. O-O O-O 8. h3
e5 9. Nb3 d5 10. Bg5 dxe4 11. Bxf6 Qxd3 12. Bxg7 Kxg7 13. Na3 Na6 14. Re1 f6
15. Re3 Qd7 16. Rxe4 Rd8 17. Qe2 b6 18. f3 Bb7 19. Re3 Nc7 20. Qf2 Ne6 21. Re2
Qc6 22. Nc2 Rd7 23. Qe1 Nf4 24. Rd2 Rad8 25. Rad1 a5 26. Rxd7+ Rxd7 27. Rd2 Ba6
28. Nc1 Kf7 29. Qd1 Ke7 30. Rxd7+ Qxd7 31. Qxd7+ Kxd7 32. Kf2 Kd6 33. Ne3 h5
34. h4 Nd5 35. g4 Nxe3 36. Kxe3 f5 37. gxf5 gxf5 38. f4 e4 39. Nb3 Bc4 40. Nd4
Be6 41. b3 Bd7 42. Ne2 Ke6 43. Ng3 Be8 44. Kd4 Bf7 45. c4 Be8 46. a3 Bg6 47. b4
Kd6 48. Nf1 Bf7 49. Ne3 Be6 50. Nd1 Bd7 51. Nc3 Bc6 52. b5 Bb7 53. Nd1 Bc8 54.
Ne3 Be6 55. a4 Kc7 56. c5 bxc5+ 57. Kxc5 Bd7 58. b6+ Kb7 59. Nc4 Bxa4 60. Nxa5+
Kb8 61. Kd4 Bb5 62. Ke3 Kc8 63. Kd4 Kd7 64. Nb3 1/2-1/2

[Event "Mittelfrankenliga 05/06 (B1)"]
[Site "Mfr.2005/06-R8"]
[Date "2006.04.02"]
[Round "8.6"]
[White "Walter, Thomas[78]"]
[Black "Thiele, Heinz[56]"]
[Result "1-0"]
[WhiteElo "2019"]
[BlackElo "1994"]
[Annotator "SG/TB Erlangen1-SF Fürth1"]
[PlyCount "45"]
[EventDate "2006.04.02"]
[SourceDate "2005.10.17"]

1. e4 c5 2. Nf3 d6 3. d4 cxd4 4. Nxd4 Nf6 5. Nc3 a6 6. Be3 e6 7. f3 Qc7 8. g4
b5 9. Qd2 Bb7 10. Bd3 Nc6 11. O-O-O Nxd4 12. Bxd4 O-O-O 13. Bxb5 axb5 14. Nxb5
Qb8 15. Ba7 Qa8 16. Qa5 Ne8 17. Rd3 Bc6 18. a4 Rd7 19. Rc3 Nc7 20. Nd4 Bb7 21.
Qb6 Kd8 22. Nb5 Qc8 23. Qa5 1-0

[Event "Mittelfrankenliga 05/06 (B1)"]
[Site "Mfr.2005/06-R8"]
[Date "2006.04.02"]
[Round "8.7"]
[White "Dittmar, Thomas"]
[Black "Salzwedel, Wolfgang"]
[Result "1/2-1/2"]
[WhiteElo "1903"]
[BlackElo "1977"]
[Annotator "SG/TB Erlangen1-SF Fürth1"]
[PlyCount "61"]
[EventDate "2006.04.02"]
[SourceDate "2005.10.17"]

1. d4 d5 2. c4 c6 3. Nf3 e6 4. Nc3 f5 5. g4 fxg4 6. Ne5 Nf6 7. Rg1 Nbd7 8. e3
Bd6 9. Nxg4 Nxg4 10. Rxg4 O-O 11. Bd3 Qf6 12. Qe2 Qf3 13. Bd2 Qh1+ 14. Qf1
Qxf1+ 15. Bxf1 Bxh2 16. f4 Rf6 17. O-O-O Rg6 18. Rh4 Bg3 19. Rh3 Nf6 20. Bd3 e5
21. dxe5 Bxh3 22. Bxg6 hxg6 23. exf6 Be6 24. fxg7 Kxg7 25. cxd5 cxd5 26. Ne2
Bh4 27. Nd4 Bg8 28. Rg1 Bf6 29. Nf5+ Kf7 30. Nh6+ Kg7 31. Nf5+ 1/2-1/2

[Event "Mittelfrankenliga 05/06 (B1)"]
[Site "Mfr.2005/06-R8"]
[Date "2006.04.02"]
[Round "8.8"]
[White "Wallis, Frank"]
[Black "Berkovych, Igor"]
[Result "1/2-1/2"]
[WhiteElo "1966"]
[BlackElo "1913"]
[Annotator "SG/TB Erlangen1-SF Fürth1"]
[PlyCount "72"]
[EventDate "2006.04.02"]
[SourceDate "2005.10.17"]

1. d4 Nf6 2. Nf3 g6 3. g3 Bg7 4. Bg2 O-O 5. O-O d6 6. Re1 c6 7. c4 Nbd7 8. Nc3
e5 9. e4 Re8 10. Rb1 Qc7 11. b3 a6 12. a4 Rb8 13. Ba3 Bf8 14. Rc1 Qa5 15. Qd3
c5 16. dxe5 dxe5 17. Bb2 Bg7 18. Rcd1 Nf8 19. Nd5 Nxd5 20. cxd5 b5 21. axb5
Qxb5 22. Qxb5 axb5 23. Ra1 c4 24. b4 Nd7 25. Bh3 Nb6 26. Bxc8 Rbxc8 27. Ra5 Na4
28. d6 Rcd8 29. Bc1 Rxd6 30. Rxb5 f5 31. Kg2 Nc3 32. Rc5 Nxe4 33. Rxc4 Rb6 34.
Bb2 Nd6 35. Rc7 Rxb4 36. Bxe5 Bxe5 1/2-1/2

[Event "Mittelfrankenliga 05/06 (B1)"]
[Site "Mfr.2005/06-R8"]
[Date "2006.04.02"]
[Round "8.2"]
[White "Haeckler, Daniel"]
[Black "Demburg, Dimitrij"]
[Result "1-0"]
[WhiteElo "2054"]
[BlackElo "1910"]
[Annotator "Büchenbach/Rh.1-Nbg.1911/1"]
[PlyCount "49"]
[EventDate "2006.04.02"]
[SourceDate "2005.10.17"]

1. e4 c5 2. Nf3 Nc6 3. Bb5 Qc7 4. O-O a6 5. Bxc6 bxc6 6. Re1 g6 7. d4 Bg7 8.
dxc5 Qa7 9. Nc3 Qxc5 10. Be3 Qb4 11. a3 Qxb2 12. Bd4 e5 13. Nxe5 Bxe5 14. Bxe5
f6 15. Qd4 Kf7 16. Bxf6 Nxf6 17. Reb1 Qxc2 18. Ra2 c5 19. Qe3 Qxb1+ 20. Nxb1 d6
21. Rd2 Rb8 22. Nc3 Re8 23. h3 Bb7 24. Rxd6 Re6 25. Qf4 1-0

[Event "Mittelfrankenliga 05/06 (B1)"]
[Site "Mfr.2005/06-R8"]
[Date "2006.04.02"]
[Round "8.3"]
[White "Steger, Otmar"]
[Black "Braun, Robert[74]"]
[Result "1-0"]
[WhiteElo "1984"]
[BlackElo "1960"]
[Annotator "Büchenbach/Rh.1-Nbg.1911/1"]
[PlyCount "57"]
[EventDate "2006.04.02"]
[SourceDate "2005.10.17"]

1. d4 Nf6 2. c4 e5 3. dxe5 Ng4 4. Nf3 Nc6 5. Bf4 Bb4+ 6. Nbd2 Qe7 7. a3 Bxd2+
8. Qxd2 Ngxe5 9. Nxe5 Nxe5 10. e3 d6 11. Be2 O-O 12. O-O Bf5 13. Rac1 Rfd8 14.
Qc3 b6 15. b4 a5 16. Bg3 axb4 17. axb4 Ra2 18. Rfe1 Rda8 19. Ra1 Qe8 20. Bf1 f6
21. Rxa2 Rxa2 22. e4 Bg6 23. c5 Bf7 24. cxd6 cxd6 25. f4 Ng6 26. Qc7 Qa4 27. f5
Nf8 28. Bxd6 Qc2 29. Qd8 1-0

[Event "Mittelfrankenliga 05/06 (B1)"]
[Site "Mfr.2005/06-R8"]
[Date "2006.04.02"]
[Round "8.4"]
[White "Schoenberger, Andreas"]
[Black "Augustin, Achim"]
[Result "1-0"]
[WhiteElo "1965"]
[BlackElo "1948"]
[Annotator "Büchenbach/Rh.1-Nbg.1911/1"]
[PlyCount "81"]
[EventDate "2006.04.02"]
[SourceDate "2005.10.17"]

1. e4 c5 2. Nf3 e6 3. d4 cxd4 4. Nxd4 a6 5. Nc3 Qc7 6. Be2 Nf6 7. a3 b5 8. O-O
b4 9. axb4 Bxb4 10. Ra4 Bxc3 11. bxc3 Bb7 12. f3 d5 13. exd5 Nxd5 14. Rc4 Qa5
15. Qd2 O-O 16. Qg5 Nd7 17. Nb3 Qb6+ 18. Kh1 f6 19. Qh5 g6 20. Qh6 Rf7 21. Nd4
e5 22. Nb3 a5 23. Rh4 a4 24. Na1 Nxc3 25. Be3 Qb2 26. Bd3 f5 27. g4 Nf8 28.
gxf5 gxf5 29. Rg1+ Kh8 30. Qh5 Bd5 31. Bxf5 Ne2 32. Rf1 Qc3 33. Be4 Bxe4 34.
Qxf7 Qxe3 35. Rxe4 Qd2 36. Qf6+ Kg8 37. Qxe5 Nc3 38. Rg1+ Ng6 39. Qe6+ Kf8 40.
Qf6+ Kg8 41. Re7 1-0

[Event "Mittelfrankenliga 05/06 (B1)"]
[Site "Mfr.2005/06-R8"]
[Date "2006.04.02"]
[Round "8.5"]
[White "Herbst, Thomas"]
[Black "Kittsteiner, Peter"]
[Result "1/2-1/2"]
[WhiteElo "1927"]
[BlackElo "1864"]
[Annotator "Büchenbach/Rh.1-Nbg.1911/1"]
[PlyCount "54"]
[EventDate "2006.04.02"]
[SourceDate "2005.10.17"]

1. Nf3 d5 2. d4 e6 3. c4 f5 4. Nc3 Nf6 5. Bf4 c6 6. e3 Be7 7. Bd3 O-O 8. Qc2
Ne4 9. h3 Nd7 10. Ne5 Bh4 11. g3 Be7 12. Nxd7 Bxd7 13. f3 Ng5 14. Kf2 Bf6 15.
Bxg5 Bxg5 16. f4 Bf6 17. c5 Be8 18. g4 Bh4+ 19. Ke2 Bg6 20. b4 Qd7 21. b5 Rf7
22. Kd2 Raf8 23. bxc6 bxc6 24. Ne2 Qd8 25. Qa4 Qd7 26. Qc2 Qd8 27. Qa4 Qd7
1/2-1/2

[Event "Mittelfrankenliga 05/06 (B1)"]
[Site "Mfr.2005/06-R8"]
[Date "2006.04.02"]
[Round "8.6"]
[White "Classen, Andrej"]
[Black "Weinmann, Stefan"]
[Result "1/2-1/2"]
[WhiteElo "1741"]
[BlackElo "1991"]
[Annotator "Büchenbach/Rh.1-Nbg.1911/1"]
[PlyCount "88"]
[EventDate "2006.04.02"]
[SourceDate "2005.10.17"]

1. e4 c5 2. f4 Nc6 3. Nf3 g6 4. d3 Bg7 5. c3 d6 6. Be2 e6 7. O-O Nge7 8. Na3
Rb8 9. Nc2 d5 10. exd5 Nxd5 11. d4 cxd4 12. Nfxd4 O-O 13. Bf3 Nxd4 14. Nxd4 a6
15. Bxd5 Qxd5 16. Be3 b5 17. Qb3 Qe4 18. Rae1 Bb7 19. Qc2 Qd5 20. a3 Rbc8 21.
Qf2 a5 22. Rd1 Qc4 23. Nf3 Bxf3 24. Qxf3 b4 25. axb4 axb4 26. Bd4 bxc3 27. bxc3
Bxd4+ 28. cxd4 Rfd8 29. Qd3 Rd5 30. g3 h5 31. Rf2 Kg7 32. Qxc4 Rxc4 33. Rfd2
Kf6 34. Kf2 Ke7 35. h4 Kd6 36. Ke3 Rb5 37. Rd3 Kd5 38. Ra1 Rc7 39. Ra2 Rcb7 40.
Rc3 Rb3 41. Ra3 R3b5 42. Ra2 Kd6 43. Ra6+ R5b6 44. Ra5 Rb5 1/2-1/2

[Event "Mittelfrankenliga 05/06 (B1)"]
[Site "Mfr.2005/06-R8"]
[Date "2006.04.02"]
[Round "8.7"]
[White "Pannek, Matthias"]
[Black "Heller, Michael"]
[Result "1-0"]
[WhiteElo "1953"]
[BlackElo "1707"]
[Annotator "Büchenbach/Rh.1-Nbg.1911/1"]
[PlyCount "29"]
[EventDate "2006.04.02"]
[SourceDate "2005.10.17"]

1. Nc3 c5 2. e4 Nc6 3. f4 e6 4. Nf3 Be7 5. b3 d6 6. Bb2 Nf6 7. g3 O-O 8. Bg2 a6
9. a4 Rb8 10. d3 Qc7 11. O-O b5 12. Re1 b4 13. Nb1 h6 14. Nbd2 d5 15. Ne5 1-0

[Event "Mittelfrankenliga 05/06 (B1)"]
[Site "Mfr.2005/06-R8"]
[Date "2006.04.02"]
[Round "8.8"]
[White "Hofer, Markus"]
[Black "Leising, Thomas"]
[Result "1/2-1/2"]
[WhiteElo "1654"]
[BlackElo "1918"]
[Annotator "Büchenbach/Rh.1-Nbg.1911/1"]
[PlyCount "25"]
[EventDate "2006.04.02"]
[SourceDate "2005.10.17"]

1. d4 f5 2. Nf3 Nf6 3. c4 g6 4. Nc3 Bg7 5. e3 O-O 6. Bd3 d6 7. O-O c6 8. Re1
Qc7 9. e4 fxe4 10. Nxe4 Nxe4 11. Bxe4 e5 12. dxe5 dxe5 13. Qe2 1/2-1/2

[Event "Mittelfrankenliga 05/06 (B1)"]
[Site "Mfr.2005/06-R8"]
[Date "2006.04.02"]
[Round "8.1"]
[White "Seitz, Hans"]
[Black "Hoermann, Gunther"]
[Result "1/2-1/2"]
[WhiteElo "2016"]
[BlackElo "2131"]
[Annotator "Cadolzburg1-Herzogenaurach1"]
[PlyCount "99"]
[EventDate "2006.04.02"]
[SourceDate "2005.10.17"]

1. e4 d5 2. exd5 Qxd5 3. Nc3 Qa5 4. d4 c6 5. Bc4 Bf5 6. Bd2 e6 7. Nf3 Nf6 8.
Qe2 Bb4 9. Ne5 Nbd7 10. O-O-O Qc7 11. f3 Nxe5 12. dxe5 Nd7 13. Rhe1 b5 14. Bd3
Bxd3 15. Qxd3 O-O 16. Qe4 a5 17. f4 Nb6 18. Re3 Bxc3 19. Rxc3 Nd5 20. Rh3 g6
21. g4 f5 22. exf6 Rxf6 23. g5 Rf7 24. Qxe6 Nxf4 25. Bxf4 Qxf4+ 26. Kb1 Qxg5
27. a4 Qf5 28. Qxf5 gxf5 29. axb5 cxb5 30. Rd5 f4 31. Rf3 Rb8 32. c3 Kg7 33.
Kc2 Kg6 34. Kd3 Rf5 35. Rd7 Rbf8 36. Ke2 R8f7 37. Rd6+ Kg5 38. Kf2 Re7 39. Rfd3
Rfe5 40. Rd2 a4 41. Rd8 Rf7 42. R2d3 Rfe7 43. Rd2 Kg4 44. Rg8+ Rg5 45. Rxg5+
Kxg5 46. Rd5+ Kg4 47. Rxb5 Rd7 48. h3+ Kxh3 49. Kf3 Kh4 50. Ra5 1/2-1/2

[Event "Mittelfrankenliga 05/06 (B1)"]
[Site "Mfr.2005/06-R8"]
[Date "2006.04.02"]
[Round "8.2"]
[White "Rausch, Wolfgang"]
[Black "Glitz, Martin"]
[Result "1/2-1/2"]
[WhiteElo "2071"]
[BlackElo "1990"]
[Annotator "Cadolzburg1-Herzogenaurach1"]
[PlyCount "33"]
[EventDate "2006.04.02"]
[SourceDate "2005.10.17"]

1. d4 d5 2. Nf3 Nf6 3. c4 e6 4. Nc3 Be7 5. Bf4 O-O 6. e3 c5 7. dxc5 Bxc5 8. Qc2
Nc6 9. O-O-O Qa5 10. a3 Be7 11. cxd5 Nxd5 12. Nxd5 exd5 13. Ne5 Bf6 14. Nxc6
bxc6 15. Bd6 Rd8 16. Bb4 Qb6 17. Bd3 1/2-1/2

[Event "Mittelfrankenliga 05/06 (B1)"]
[Site "Mfr.2005/06-R8"]
[Date "2006.04.02"]
[Round "8.3"]
[White "Walther, Reinhard"]
[Black "Strobel, Norbert"]
[Result "1/2-1/2"]
[WhiteElo "1980"]
[BlackElo "1998"]
[Annotator "Cadolzburg1-Herzogenaurach1"]
[PlyCount "89"]
[EventDate "2006.04.02"]
[SourceDate "2005.10.17"]

1. d4 d5 2. c4 c6 3. Nc3 Nf6 4. Nf3 e6 5. e3 a6 6. a4 Bb4 7. Bd2 O-O 8. Qc2
Nbd7 9. Bd3 Qe7 10. Ne5 dxc4 11. Nxc4 e5 12. dxe5 Nxe5 13. Nxe5 Qxe5 14. O-O
Rd8 15. Rad1 h6 16. Ne4 Bxd2 17. Nxf6+ Qxf6 18. Rxd2 Be6 19. Rfd1 g6 20. f3 Kg7
21. Be2 Rxd2 22. Rxd2 Rc8 23. b4 Qa1+ 24. Kf2 b5 25. a5 Qa3 26. Qc5 Qb3 27. Rd6
Bc4 28. Bxc4 bxc4 29. Rd4 Qb2+ 30. Kg3 Qc1 31. Rxc4 Qe1+ 32. Kh3 Re8 33. Qd4+
Kh7 34. Qf6 Kg8 35. Rxc6 Qxe3 36. Rxa6 g5 37. Qxh6 Qf4 38. Rf6 g4+ 39. Kh4
Qxh2+ 40. Kxg4 Qxg2+ 41. Kf4 Qd2+ 42. Kg3 Qe1+ 43. Kf4 Qe3+ 44. Kg4 Qg1+ 45.
Kf4 1/2-1/2

[Event "Mittelfrankenliga 05/06 (B1)"]
[Site "Mfr.2005/06-R8"]
[Date "2006.04.02"]
[Round "8.4"]
[White "Metzenroth, Dieter"]
[Black "Trockmann, Rafael"]
[Result "0-1"]
[WhiteElo "1855"]
[BlackElo "1912"]
[Annotator "Cadolzburg1-Herzogenaurach1"]
[PlyCount "104"]
[EventDate "2006.04.02"]
[SourceDate "2005.10.17"]

1. d4 c5 2. dxc5 e6 3. Nc3 Bxc5 4. Ne4 d5 5. Nxc5 Qa5+ 6. c3 Qxc5 7. e4 Nf6 8.
Be3 Qc7 9. exd5 Nxd5 10. Bd4 O-O 11. Nf3 Nc6 12. Qb3 Nxd4 13. cxd4 Bd7 14. Bc4
Qa5+ 15. Nd2 Ba4 16. Qg3 Nb4 17. Bd3 Bc2 18. Be2 Nc6 19. Qc3 Bg6 20. O-O Qd5
21. Nf3 Be4 22. Rfd1 Rac8 23. Qc5 Rfd8 24. Qxd5 Rxd5 25. Rac1 Rcd8 26. Kf1 h6
27. Rc5 R5d6 28. Rcc1 Nxd4 29. Nxd4 Rxd4 30. Rxd4 Rxd4 31. Rc8+ Kh7 32. f3 Bd5
33. Ke1 Bxa2 34. Rc1 Rb4 35. Rc2 Bd5 36. Kd2 g5 37. Ke1 e5 38. Kf2 Kg6 39. Ke3
a5 40. Bd3+ Kf6 41. Rc5 Bc6 42. Rc2 Ba4 43. Rd2 Rb3 44. Ke2 Bb5 45. Bxb5 Rxb5
46. Ke3 Ke6 47. g3 Rb3+ 48. Ke2 f5 49. Kf2 h5 50. h3 b5 51. Kg2 a4 52. Kf2 b4
0-1

[Event "Mittelfrankenliga 05/06 (B1)"]
[Site "Mfr.2005/06-R8"]
[Date "2006.04.02"]
[Round "8.5"]
[White "Boehm, Reinhard,Dr."]
[Black "Zwingel, Stephan"]
[Result "1/2-1/2"]
[WhiteElo "1844"]
[BlackElo "1911"]
[Annotator "Cadolzburg1-Herzogenaurach1"]
[PlyCount "58"]
[EventDate "2006.04.02"]
[SourceDate "2005.10.17"]

1. e4 c5 2. Nc3 Nc6 3. g3 g6 4. Bg2 Bg7 5. d3 d6 6. f4 e6 7. Nf3 Nge7 8. O-O
O-O 9. Be3 Qd7 10. Qd2 b6 11. Bf2 Bb7 12. Nd1 Rae8 13. c3 f5 14. Re1 Nd8 15.
Qc2 Nf7 16. Ne3 Kh8 17. Rad1 Qc8 18. exf5 exf5 19. d4 Be4 20. Qa4 Qb7 21. Nd2
Bxg2 22. Nxg2 b5 23. Qc2 cxd4 24. Bxd4 Bxd4+ 25. cxd4 Qd5 26. Nb3 Nc6 27. Ne3
Qf3 28. Qf2 Qxf2+ 29. Kxf2 Kg7 1/2-1/2

[Event "Mittelfrankenliga 05/06 (B1)"]
[Site "Mfr.2005/06-R8"]
[Date "2006.04.02"]
[Round "8.6"]
[White "Truempelmann, Jochen"]
[Black "Wolter, Norbert"]
[Result "1-0"]
[WhiteElo "1947"]
[BlackElo "1764"]
[Annotator "Cadolzburg1-Herzogenaurach1"]
[PlyCount "87"]
[EventDate "2006.04.02"]
[SourceDate "2005.10.17"]

1. e4 d5 2. exd5 Nf6 3. c4 c6 4. d4 cxd5 5. Nc3 Nc6 6. Nf3 e6 7. c5 Ne4 8. Bb5
Nxc3 9. bxc3 Bd7 10. Bxc6 Bxc6 11. Ne5 Be7 12. O-O O-O 13. f4 Qc7 14. f5 Bb5
15. Rf2 f6 16. Ng6 Rfd8 17. Nf4 exf5 18. Ne6 Qd7 19. Nxd8 Rxd8 20. Qf3 g6 21.
Bd2 Ba4 22. Bh6 Kf7 23. Re1 Bc6 24. Rfe2 Re8 25. Bf4 Qd8 26. Re6 Bf8 27. Qe2
Bd7 28. Rxe8 Qxe8 29. Qd1 Be6 30. Qb3 Qc6 31. a4 Be7 32. Qb5 Bd7 33. Rb1 g5 34.
Bb8 Qe6 35. Qxb7 Bc6 36. Qxa7 Qe3+ 37. Kh1 Qxc3 38. Bd6 Qe3 39. Qxe7+ Qxe7 40.
Bxe7 Kxe7 41. a5 Kd7 42. a6 Kc7 43. g3 Bd7 44. Rb7+ 1-0